000
00193nam a2200085 4500
001
1257130
005
20260202132134.0
245
_a
PERİLİ KÖŞK
_c
ÖMER SEYFETTİN
260
_b
AKVARYUM YAYINLARI
999
_c
1257130
_d
1257130